[Event "EU-Cup 39th"]
[Site "Vrnjacka Banja"]
[Date "2024.10.26"]
[Round "7.27"]
[White "Bruch, Jochen"]
[Black "Baselmans, Sam"]
[Result "0-1"]
[WhiteElo "2180"]
[BlackElo "2256"]
[PlyCount "174"]
[EventDate "2024.10.20"]
[EventType "team-swiss"]
[EventRounds "7"]
[EventCountry "SRB"]
[SourceTitle "CB45_2024"]
[Source "ChessBase"]
[SourceDate "2024.11.06"]
[SourceVersion "1"]
[SourceVersionDate "2024.11.06"]
[SourceQuality "1"]
[WhiteTeam "Differdange"]
[BlackTeam "De Stukkenjagers"]
[WhiteTeamCountry "LUX"]
[BlackTeamCountry "NED"]

1. Nf3 Nf6 2. g3 g6 3. Bg2 Bg7 4. 0-0 0-0 5. c4 d6 6. Nc3 e5 7. d3 Nc6 8. Rb1 a5 9. a3 h6 10. b4 axb4 11. axb4 Be6 12. b5 Ne7 13. Qb3 Qd7 14. Re1 Bh3 15. Bh1 Qe6 16. Bb2 Nd7 17. Nd5 Nc5 18. Qc2 Nxd5 19. cxd5 Qe7 20. Ra1 Bd7 21. Qc4 Rfc8 22. d4 exd4 23. Bxd4 Bxd4 24. Nxd4 Qe5 25. e3 h5 26. f4 Qf6 27. Qc3 h4 28. e4 hxg3 29. hxg3 Rxa1 30. Qxa1 Re8 31. Qc3 Qg7 32. Bg2 b6 33. Re3 Qh8 34. Kf2 Qh5 35. Re1 Qh2 36. Nf3 Qh8 37. Nd4 f5 38. exf5 Rxe1 39. Kxe1 Qh2 40. Kf1 gxf5 41. Qe3 Qh8 42. Bf3 Qh3+ 43. Bg2 Qg4 44. Qf3 Qg7 45. Qe3 Kf8 46. Kf2 Qh8 47. Kg1 Qf6 48. Kh2 Kf7 49. Bf3 Qh8+ 50. Kg2 Kf8 51. Kg1 Qh7 52. Kg2 Qg6 53. Kh2 Be8 54. Kg2 Bf7 55. Nc6 Ne4 56. Bxe4 fxe4 57. Qd4 Qh5 58. Qf6 e3 59. Qe7+ Kg8 60. Qxe3 Qxd5+ 61. Kh2 Qh5+ 62. Kg1 Qxb5 63. Ne7+ Kf8 64. f5 Qc5 65. Qxc5 dxc5 66. Nc6 Bd5 67. Na7 Ke7 68. Kf2 Kf6 69. g4 Kg5 70. Nb5 c6 71. Nd6 Kf6 72. Ke3 Ke5 73. Nc8 b5 74. Nb6 c4 75. Nd7+ Kd6 76. Nb6 b4 77. g5 Ke5 78. f6 Be6 79. Na4 Bf7 80. Nc5 Kd5 81. Nb7 b3 82. Kd2 Kd4 83. Nd8 c3+ 84. Ke2 Bh5+ 85. Kf2 b2 86. f7 Bxf7 87. Nxf7 b1Q 0-1

[Event "EU-Cup 39th"]
[Site "Vrnjacka Banja"]
[Date "2024.10.24"]
[Round "5.3"]
[White "Lammers, Markus"]
[Black "Bruch, Jochen"]
[Result "1/2-1/2"]
[WhiteElo "2312"]
[BlackElo "2180"]
[PlyCount "89"]
[EventDate "2024.10.20"]
[EventType "team-swiss"]
[EventRounds "7"]
[EventCountry "SRB"]
[SourceTitle "CB44_2024"]
[Source "Chessbase"]
[SourceDate "2024.10.30"]
[SourceVersion "1"]
[SourceVersionDate "2024.10.30"]
[SourceQuality "1"]
[WhiteTeam "Lister Turm"]
[BlackTeam "Differdange"]
[WhiteTeamCountry "GER"]
[BlackTeamCountry "LUX"]

1. d4 Nf6 2. c4 g6 3. Nc3 Bg7 4. Nf3 0-0 5. g3 d6 6. Bg2 c5 7. 0-0 a6 8. dxc5 dxc5 9. Be3 Nbd7 10. Qc1 Re8 11. Rd1 Qa5 12. a3 Rb8 13. Bf4 e5 14. Bd2 b5 15. Nxb5 Qb6 16. Nc3 Qxb2 17. Ng5 Qxc1 18. Raxc1 Nb6 19. Nce4 Nxe4 20. Nxe4 Be6 21. Nd6 Red8 22. Nb7 Rdc8 23. Na5 Re8 24. Be3 Bf8 25. Bd5 Bd7 26. Be4 Ba4 27. Rd2 Rbd8 28. Rxd8 Rxd8 29. Rb1 Rd1+ 30. Rxd1 Bxd1 31. Kf1 Nd7 32. Ke1 Ba4 33. Kd2 Bd6 34. Bb7 Nb8 35. Bc8 Be7 36. Nb7 Bd7 37. Bxd7 Nxd7 38. Kc3 f5 39. f3 Kf7 40. Kd3 h5 41. Bf2 Ke6 42. Bg1 g5 43. h3 g4 44. fxg4 fxg4 45. hxg4 1/2-1/2

[Event "Rheinland Pfalz-ch Blitz"]
[Site "Landau"]
[Date "2024.05.05"]
[Round "17"]
[White "Bruch, Jochen"]
[Black "Silber, Henning"]
[Result "1/2-1/2"]
[WhiteElo "2119"]
[BlackElo "2283"]
[PlyCount "35"]
[EventDate "2024.05.05"]
[EventType "tourn (blitz)"]
[EventRounds "29"]
[EventCountry "GER"]
[SourceTitle "CBM 220 Extra"]
[Source "ChessBase"]
[SourceDate "2024.07.31"]
[SourceVersion "1"]
[SourceVersionDate "2024.07.31"]
[SourceQuality "1"]

1. Nf3 Nf6 2. g3 g6 3. Bg2 Bg7 4. 0-0 0-0 5. c4 c6 6. Nc3 d5 7. cxd5 cxd5 8. d4 Nc6 9. Bf4 Ne4 10. Rc1 Nxc3 11. Rxc3 Qb6 12. Rb3 Qa5 13. a3 Bg4 14. Rxb7 Bxf3 15. Bxf3 Nxd4 16. Rxe7 Nxf3+ 17. exf3 Bxb2 18. Rd7 1/2-1/2

[Event "Rheinland Pfalz-ch Blitz"]
[Site "Landau"]
[Date "2024.05.05"]
[Round "2"]
[White "Zimmermann, Klemens"]
[Black "Bruch, Jochen"]
[Result "1/2-1/2"]
[WhiteElo "2198"]
[BlackElo "2119"]
[PlyCount "30"]
[EventDate "2024.05.05"]
[EventType "tourn (blitz)"]
[EventRounds "29"]
[EventCountry "GER"]
[SourceTitle "CBM 220 Extra"]
[Source "ChessBase"]
[SourceDate "2024.07.31"]
[SourceVersion "1"]
[SourceVersionDate "2024.07.31"]
[SourceQuality "1"]

1. d4 Nf6 2. c4 c5 3. d5 e6 4. Nc3 exd5 5. cxd5 d6 6. g3 g6 7. Bg2 Bg7 8. Nf3 0-0 9. 0-0 a6 10. a4 Re8 11. Nd2 Nbd7 12. Nc4 Nb6 13. Na3 Nbd7 14. Nc4 Nb6 15. Na3 Nbd7 1/2-1/2

[Event "Oberliga Sued W 2324"]
[Site "Germany"]
[Date "2024.04.28"]
[Round "9.2"]
[White "Bruch, Jochen"]
[Black "Huschens, Matthias"]
[Result "1/2-1/2"]
[WhiteElo "2191"]
[BlackElo "2086"]
[PlyCount "37"]
[EventDate "2023.09.17"]
[EventType "team-tourn"]
[EventRounds "9"]
[EventCountry "GER"]
[SourceTitle "EXT 2025"]
[Source "ChessBase"]
[SourceDate "2024.10.14"]
[SourceVersion "1"]
[SourceVersionDate "2024.10.14"]
[SourceQuality "1"]
[WhiteTeam "Landau"]
[BlackTeam "Kaiserslautern"]
[WhiteTeamCountry "GER"]
[BlackTeamCountry "GER"]

1. Nf3 d5 2. g3 Nf6 3. Bg2 e6 4. c4 Be7 5. 0-0 0-0 6. Qc2 d4 7. d3 c5 8. e3 Nc6 9. exd4 cxd4 10. a3 a5 11. Nbd2 e5 12. Re1 Qc7 13. Rb1 h6 14. b3 Bf5 15. c5 Rfe8 16. Nc4 Bf8 17. Nb6 Rad8 18. Nd2 Na7 19. b4 1/2-1/2

[Event "Oberliga Sued W 2324"]
[Site "Germany"]
[Date "2023.12.03"]
[Round "4.2"]
[White "Karsay, Pascal"]
[Black "Bruch, Jochen"]
[Result "1-0"]
[WhiteElo "2319"]
[BlackElo "2200"]
[PlyCount "77"]
[EventDate "2023.09.17"]
[EventType "team-tourn"]
[EventRounds "9"]
[EventCountry "GER"]
[SourceTitle "EXT 2025"]
[Source "ChessBase"]
[SourceDate "2024.10.14"]
[SourceVersion "1"]
[SourceVersionDate "2024.10.14"]
[SourceQuality "1"]
[WhiteTeam "Worms"]
[BlackTeam "Landau"]
[WhiteTeamCountry "GER"]
[BlackTeamCountry "GER"]

1. Nf3 e6 2. c4 c5 3. Nc3 Nf6 4. e3 Be7 5. d4 cxd4 6. exd4 d5 7. cxd5 exd5 8. Bd3 Nc6 9. h3 a6 10. 0-0 b5 11. Re1 0-0 12. Bg5 Be6 13. Rc1 Rc8 14. a4 h6 15. Bh4 Nb4 16. axb5 Nxd3 17. Qxd3 axb5 18. Qxb5 Rb8 19. Qe2 Qb6 20. Na4 Qb4 21. Nc5 Bxc5 22. dxc5 Ne4 23. c6 g5 24. Bg3 Nxg3 25. fxg3 Rfc8 26. Qe5 Qxb2 27. Qxb2 Rxb2 28. Nd4 Kg7 29. Nxe6+ fxe6 30. Rxe6 d4 31. Rd6 Rf8 32. Rd7+ Kg6 33. c7 Rff2 34. Rc6+ Kh5 35. c8Q Rxg2+ 36. Kf1 Rbf2+ 37. Ke1 Re2+ 38. Kd1 Rd2+ 39. Kc1 1-0

[Event "Oberliga Sued W 2223"]
[Site "Germany"]
[Date "2023.04.30"]
[Round "9.5"]
[White "Bruch, Jochen"]
[Black "Huerter, Helmut"]
[Result "1-0"]
[WhiteElo "2176"]
[BlackElo "2232"]
[PlyCount "63"]
[EventDate "2022.10.23"]
[EventType "team-tourn"]
[EventRounds "9"]
[EventCountry "GER"]
[SourceTitle "EXT 2025"]
[Source "ChessBase"]
[SourceDate "2024.10.14"]
[SourceVersion "1"]
[SourceVersionDate "2024.10.14"]
[SourceQuality "1"]
[WhiteTeam "Landau"]
[BlackTeam "Kaiserslautern"]
[WhiteTeamCountry "GER"]
[BlackTeamCountry "GER"]

1. Nf3 Nf6 2. g3 b5 3. Bg2 Bb7 4. 0-0 e6 5. d3 d5 6. Nbd2 Be7 7. e4 c5 8. e5 Nfd7 9. Re1 b4 10. h4 Nc6 11. Nf1 h6 12. h5 a5 13. Bf4 Nb6 14. Qd2 c4 15. g4 c3 16. bxc3 bxc3 17. Qc1 d4 18. Rb1 Rb8 19. Ng3 Nd5 20. Re4 Nxf4 21. Qxf4 Bg5 22. Nxg5 hxg5 23. Qc1 Nb4 24. a3 Bxe4 25. Nxe4 Na2 26. Nd6+ Kf8 27. Rxb8 Qxb8 28. Qxg5 Rh6 29. Qf4 f6 30. g5 Qb1+ 31. Bf1 Rxh5 32. gxf6 1-0

[Event "EU-Cup 37th"]
[Site "Mayrhofen"]
[Date "2022.10.03"]
[Round "1.11"]
[White "Michalik, Peter"]
[Black "Bruch, Jochen"]
[Result "1-0"]
[WhiteElo "2558"]
[BlackElo "2176"]
[PlyCount "51"]
[EventDate "2022.10.03"]
[EventType "team-swiss"]
[EventRounds "7"]
[EventCountry "AUT"]
[SourceTitle "CBM 210 Extra"]
[Source "ChessBase"]
[SourceDate "2022.11.30"]
[SourceVersion "1"]
[SourceVersionDate "2022.11.30"]
[SourceQuality "1"]
[WhiteTeam "Ajka BSK"]
[BlackTeam "Differdange Le Cavalier"]
[WhiteTeamCountry "HUN"]
[BlackTeamCountry "LUX"]

1. d4 Nf6 2. c4 c5 3. d5 e6 4. Nc3 exd5 5. cxd5 d6 6. e4 g6 7. f4 Bg7 8. Bb5+ Nfd7 9. Be2 0-0 10. Nf3 a6 11. a4 Re8 12. 0-0 Nf6 13. e5 Nfd7 14. e6 fxe6 15. dxe6 Nf6 16. f5 gxf5 17. Ng5 Nc6 18. Bc4 Qe7 19. Bf4 Nd4 20. Bxd6 Qxd6 21. e7+ Be6 22. Bxe6+ Qxe6 23. Nxe6 Nxe6 24. Qd6 Kf7 25. Rxf5 Rxe7 26. Nd5 1-0

[Event "Oberliga Sued W 2122"]
[Site "Germany"]
[Date "2022.04.03"]
[Round "8.4"]
[White "Bastian, Herbert"]
[Black "Bruch, Jochen"]
[Result "1/2-1/2"]
[WhiteElo "2248"]
[BlackElo "2197"]
[PlyCount "42"]
[EventDate "2021.10.24"]
[EventType "team-tourn"]
[EventRounds "9"]
[EventCountry "GER"]
[SourceTitle "EXT 2023"]
[Source "ChessBase"]
[SourceDate "2022.10.05"]
[SourceVersion "1"]
[SourceVersionDate "2022.10.05"]
[SourceQuality "1"]
[WhiteTeam "Saarbruecken"]
[BlackTeam "Landau"]
[WhiteTeamCountry "GER"]
[BlackTeamCountry "GER"]

1. e4 c5 2. Nc3 Nc6 3. g3 g6 4. Bg2 Bg7 5. d3 e6 6. Be3 Nd4 7. Qd2 Ne7 8. Nge2 0-0 9. 0-0 Re8 10. Nf4 Rb8 11. Nd1 b6 12. c3 Ndc6 13. Ne2 d5 14. f4 dxe4 15. dxe4 Qxd2 16. Bxd2 Ba6 17. Re1 Rbd8 18. Be3 Rd7 19. Nf2 Red8 20. Bf3 Na5 21. Rad1 Nc4 1/2-1/2

[Event "EU-Cup Online Gr-C"]
[Site "Tornelo INT"]
[Date "2021.03.28"]
[Round "5.3"]
[White "Skuhala, Jernej"]
[Black "Bruch, Jochen"]
[Result "1-0"]
[WhiteElo "2351"]
[BlackElo "2187"]
[PlyCount "63"]
[EventDate "2021.03.27"]
[EventType "team-tourn (rapid)"]
[EventRounds "9"]
[EventCountry "NET"]
[SourceTitle "CBM 201 Extra"]
[Source "ChessBase"]
[SourceDate "2021.05.31"]
[SourceVersion "1"]
[SourceVersionDate "2021.05.31"]
[SourceQuality "1"]
[WhiteTeam "Maribor Poligram"]
[BlackTeam "Differdange Le Cavalier"]
[WhiteTeamCountry "SLO"]
[BlackTeamCountry "LUX"]

1. e4 c5 2. Nf3 e6 3. d4 cxd4 4. Nxd4 Nf6 5. Nc3 d6 6. g4 h6 7. Rg1 Nc6 8. Be3 Be7 9. f3 a6 10. Qd2 Qc7 11. 0-0-0 Bd7 12. Kb1 Ne5 13. h4 Nc4 14. Bxc4 Qxc4 15. g5 hxg5 16. hxg5 Nh5 17. Rh1 g6 18. f4 0-0-0 19. f5 Ng3 20. Rhg1 Nh5 21. f6 Bf8 22. Nb3 Qc7 23. Qf2 Re8 24. Bb6 Qb8 25. Qd4 Bc6 26. Na5 Nf4 27. Nc4 d5 28. Ba5 Bc5 29. Qxc5 dxc4 30. Na4 Ne2 31. Nb6+ Kc7 32. Rd7# 1-0

[Event "Oberliga Sued W 1819"]
[Site "Germany"]
[Date "2019.01.20"]
[Round "5.5"]
[White "Busche, Stefan"]
[Black "Bruch, Jochen"]
[Result "0-1"]
[WhiteElo "2057"]
[BlackElo "2228"]
[PlyCount "102"]
[EventDate "2018.10.21"]
[EventType "team-tourn"]
[EventRounds "9"]
[EventCountry "GER"]
[SourceTitle "EXT 2020"]
[Source "ChessBase"]
[SourceDate "2019.10.17"]
[SourceVersion "1"]
[SourceVersionDate "2019.10.17"]
[SourceQuality "1"]
[WhiteTeam "Saarbruecken SVG"]
[BlackTeam "Landau"]
[WhiteTeamCountry "GER"]
[BlackTeamCountry "GER"]

1. e4 c5 2. Nf3 e6 3. d4 cxd4 4. Nxd4 Nf6 5. Nc3 d6 6. Be3 Be7 7. f3 a6 8. Qd2 Qc7 9. g4 Nc6 10. 0-0-0 b5 11. Kb1 b4 12. Nxc6 Qxc6 13. Ne2 Rb8 14. Nd4 Qc7 15. h4 Nd7 16. g5 Bb7 17. Bd3 d5 18. b3 Nc5 19. e5 Rc8 20. f4 Nxd3 21. cxd3 g6 22. Rc1 Qb8 23. Rxc8+ Qxc8 24. h5 Kd7 25. Rc1 Qb8 26. h6 Rc8 27. Ne2 Rc6 28. Rxc6 Bxc6 29. Qc2 Bb5 30. Nc1 a5 31. Bc5 Bd8 32. Bd6 Qb7 33. Kb2 Qa6 34. Bc5 Bc7 35. Bf8 Bb6 36. Bc5 Qa7 37. d4 Bxc5 38. dxc5 Kc6 39. f5 gxf5 40. g6 fxg6 41. Qg2 Qxc5 42. Qg5 Qf8 43. Qf4 Qe7 44. Qd2 g5 45. Ne2 Bxe2 46. Qxe2 Qa7 47. Qd2 Qg1 48. a3 bxa3+ 49. Ka2 Qc5 50. Qxg5 Qc3 51. Qg2 Qb2+ 0-1

[Event "Oberliga Sued W 1819"]
[Site "Germany"]
[Date "2018.12.16"]
[Round "4.3"]
[White "Bruch, Jochen"]
[Black "Hermann, Thomas"]
[Result "0-1"]
[WhiteElo "2228"]
[BlackElo "2110"]
[PlyCount "70"]
[EventDate "2018.10.21"]
[EventType "team-tourn"]
[EventRounds "9"]
[EventCountry "GER"]
[SourceTitle "EXT 2020"]
[Source "ChessBase"]
[SourceDate "2019.10.17"]
[SourceVersion "1"]
[SourceVersionDate "2019.10.17"]
[SourceQuality "1"]
[WhiteTeam "Landau"]
[BlackTeam "Winterbach Turm"]
[WhiteTeamCountry "GER"]
[BlackTeamCountry "GER"]

1. Nf3 c5 2. g3 b6 3. Bg2 Bb7 4. 0-0 Nf6 5. d3 d5 6. Nbd2 g6 7. e4 dxe4 8. Ng5 Bg7 9. Ngxe4 Nxe4 10. Nxe4 Nc6 11. f4 Qd7 12. a3 Rd8 13. Qe2 Nd4 14. Qf2 0-0 15. Rb1 Ba6 16. Kh1 Nxc2 17. f5 Bxd3 18. f6 exf6 19. Rd1 f5 20. Nc3 c4 21. Nd5 Qb5 22. Nf4 Be4 23. Rxd8 Rxd8 24. Bd2 Nd4 25. Bxe4 fxe4 26. Bc3 Nf3 27. Bxg7 Kxg7 28. Qe3 Rd2 29. Ne2 Qh5 30. h4 Qg4 31. Kg2 Nxh4+ 32. Kf2 Rd3 33. gxh4 Rxe3 34. Kxe3 Qf3+ 35. Kd2 Qd3+ 0-1

[Event "Oberliga Sued W 1819"]
[Site "Germany"]
[Date "2018.10.21"]
[Round "1.5"]
[White "Weller, Manuel"]
[Black "Bruch, Jochen"]
[Result "1/2-1/2"]
[WhiteElo "2232"]
[BlackElo "2228"]
[PlyCount "46"]
[EventDate "2018.10.21"]
[EventType "team-tourn"]
[EventRounds "9"]
[EventCountry "GER"]
[SourceTitle "EXT 2020"]
[Source "ChessBase"]
[SourceDate "2019.10.17"]
[SourceVersion "1"]
[SourceVersionDate "2019.10.17"]
[SourceQuality "1"]
[WhiteTeam "Schwarzenbach Caissa"]
[BlackTeam "Landau"]
[WhiteTeamCountry "GER"]
[BlackTeamCountry "GER"]

1. c4 Nf6 2. Nc3 c5 3. g3 e6 4. Nf3 Be7 5. Bg2 a6 6. 0-0 0-0 7. d4 cxd4 8. Nxd4 Qc7 9. Qd3 Nc6 10. b3 b6 11. Bb2 Bb7 12. e4 Rac8 13. Rac1 Qb8 14. Rfd1 Rfd8 15. Qe2 d6 16. Nc2 Ba8 17. Kh1 Na7 18. a4 Bc6 19. Nd4 Be8 20. f4 Nc6 21. Nf3 Na5 22. Nd2 Nc6 23. Nf3 Na5 1/2-1/2

[Event "EU-Cup 27th"]
[Site "Rogaska Slatina"]
[Date "2011.09.29"]
[Round "5"]
[White "Bruch, Jochen"]
[Black "Gozzoli, Yannick"]
[Result "0-1"]
[WhiteElo "2190"]
[BlackElo "2522"]
[PlyCount "86"]
[EventDate "2011.09.25"]
[EventType "team-swiss"]
[EventRounds "7"]
[EventCountry "SLO"]
[SourceTitle "CBM 145"]
[Source "ChessBase"]
[SourceDate "2011.11.11"]
[SourceVersion "1"]
[SourceVersionDate "2011.11.11"]
[SourceQuality "1"]
[WhiteTeam "Differdange"]
[BlackTeam "Marseille"]
[WhiteTeamCountry "LUX"]
[BlackTeamCountry "FRA"]

1. Nf3 g6 2. g3 Bg7 3. Bg2 e5 4. d3 d5 5. Nbd2 Ne7 6. e4 0-0 7. 0-0 Nbc6 8. exd5 Nxd5 9. Nc4 Nde7 10. Re1 f6 11. Bd2 a5 12. Na3 g5 13. h3 Bf5 14. Nb5 Qd7 15. Kh2 Rad8 16. a3 h6 17. Be3 Bg6 18. Qe2 Rfe8 19. Rad1 Nf5 20. Bc1 a4 21. Qd2 h5 22. Qc3 Ncd4 23. Nbxd4 exd4 24. Qb4 b6 25. Nd2 Bf7 26. Ne4 Re6 27. Re2 Rde8 28. Rde1 Nh6 29. Bf1 c5 30. Qd2 Bg6 31. f4 Nf5 32. fxg5 Ne3 33. Rxe3 dxe3 34. Rxe3 Bxe4 35. dxe4 Qxd2+ 36. Bxd2 Rxe4 37. Rxe4 Rxe4 38. Bd3 Rd4 39. Bc3 Rd6 40. g6 Bh6 41. Kg2 Be3 42. b3 Rxd3 43. cxd3 axb3 0-1

[Event "EU-Cup 27th"]
[Site "Rogaska Slatina"]
[Date "2011.09.27"]
[Round "3"]
[White "Bruch, Jochen"]
[Black "Paci, Aleksander"]
[Result "1/2-1/2"]
[WhiteElo "2190"]
[BlackElo "2150"]
[PlyCount "93"]
[EventDate "2011.09.25"]
[EventType "team-swiss"]
[EventRounds "7"]
[EventCountry "SLO"]
[SourceTitle "CBM 145"]
[Source "ChessBase"]
[SourceDate "2011.11.11"]
[SourceVersion "1"]
[SourceVersionDate "2011.11.11"]
[SourceQuality "1"]
[WhiteTeam "Differdange"]
[BlackTeam "Veleciku"]
[WhiteTeamCountry "LUX"]
[BlackTeamCountry "ALB"]

1. Nf3 c5 2. g3 b6 3. Bg2 Bb7 4. 0-0 Nf6 5. d3 e6 6. e4 d6 7. Nc3 Nbd7 8. Ne1 Qc7 9. f4 a6 10. Bd2 Be7 11. a3 b5 12. Qe2 Nb6 13. Nd1 a5 14. f5 e5 15. g4 h6 16. h4 Nh7 17. Nf3 f6 18. Nf2 Bc6 19. Nh3 Qb7 20. g5 hxg5 21. hxg5 Nf8 22. Nh2 d5 23. Ng4 dxe4 24. dxe4 Nc4 25. gxf6 gxf6 26. Bc1 Nd6 27. Re1 Nd7 28. Bd2 0-0-0 29. Bxa5 Rdg8 30. Rad1 Nxe4 31. Bxe4 Rxh3 32. Rd3 Rh4 33. Rg3 c4 34. Bb4 Bxb4 35. axb4 Rg5 36. Qf3 Bxe4 37. Rxe4 Qa7+ 38. Kg2 Qa1 39. Nf2 Rxg3+ 40. Kxg3 Rh7 41. Rg4 Qg1+ 42. Qg2 Qxg2+ 43. Kxg2 Rh5 44. Ne4 Kc7 45. Ng3 Rh7 46. Ne4 Rh5 47. Ng3 1/2-1/2

[Event "Oberliga Sued W 1011"]
[Site "Germany"]
[Date "2011.01.16"]
[Round "5.5"]
[White "Bruch, Jochen"]
[Black "Sahm, Philipp"]
[Result "1-0"]
[WhiteElo "2140"]
[BlackElo "1928"]
[PlyCount "59"]
[EventDate "2010.10.10"]
[EventType "team-tourn"]
[EventRounds "9"]
[EventCountry "GER"]
[SourceTitle "EXT 2012"]
[Source "ChessBase"]
[SourceDate "2011.11.24"]
[SourceVersion "1"]
[SourceVersionDate "2011.11.24"]
[SourceQuality "1"]
[WhiteTeam "Ludwigshafen"]
[BlackTeam "Winterbach Turm"]
[WhiteTeamCountry "GER"]
[BlackTeamCountry "GER"]

1. Nf3 c5 2. g3 Nc6 3. Bg2 g6 4. 0-0 Bg7 5. c4 d6 6. Nc3 e5 7. a3 Nge7 8. Rb1 0-0 9. b4 f5 10. Na4 e4 11. Ne1 Ne5 12. d3 Qc7 13. bxc5 dxc5 14. dxe4 Rd8 15. Qc2 N7c6 16. Nc3 Nd4 17. Qa2 Qf7 18. exf5 Qxf5 19. f4 Ng4 20. e3 Nc6 21. Nd5 Nf6 22. Bb2 Ne4 23. Bxg7 Kxg7 24. Qb2+ Kh6 25. Nf3 Rxd5 26. cxd5 Ne7 27. Ne5 Nd6 28. g4 Nc4 29. Qf2 Nxe5 30. gxf5 1-0

[Event "Oberliga Sued W 0910"]
[Site "Germany"]
[Date "2010.01.24"]
[Round "5.7"]
[White "Bruch, Jochen"]
[Black "Koehler, Patrick"]
[Result "1-0"]
[WhiteElo "2177"]
[BlackElo "2119"]
[PlyCount "81"]
[EventDate "2009.10.18"]
[EventType "team-tourn"]
[EventRounds "9"]
[EventCountry "GER"]
[SourceTitle "EXT 2011"]
[Source "ChessBase"]
[SourceDate "2010.11.26"]
[SourceVersion "1"]
[SourceVersionDate "2010.11.26"]
[SourceQuality "1"]
[WhiteTeam "Ludwigshafen"]
[BlackTeam "Mutterstadt"]
[WhiteTeamCountry "GER"]
[BlackTeamCountry "GER"]

1. Nf3 g6 2. g3 Bg7 3. Bg2 d6 4. 0-0 Nc6 5. c4 e5 6. Nc3 f5 7. d3 Nf6 8. Rb1 0-0 9. b4 h6 10. b5 Ne7 11. c5 Ne8 12. cxd6 cxd6 13. Qb3+ Kh7 14. a4 d5 15. Ba3 d4 16. Na2 Nc7 17. Rbc1 Be6 18. Bxe7 Bxb3 19. Bxd8 Nd5 20. Ba5 Bxa2 21. Ra1 b6 22. Bd2 e4 23. Rxa2 exf3 24. Bxf3 Rad8 25. Rd1 Rf7 26. Rc2 Bf8 27. Rc6 Bc5 28. h4 h5 29. Bxd5 Rxd5 30. Bf4 Rdd7 31. Kg2 Rfe7 32. Kf3 Kg7 33. a5 Kf7 34. Ra1 Rd5 35. Bg5 Red7 36. Rc1 Kg7 37. Rc2 Kf7 38. Bf4 Kg7 39. Bb8 Kh6 40. a6 Kg7 41. R2xc5 1-0

[Event "Oberliga Sued W 0910"]
[Site "Germany"]
[Date "2009.11.30"]
[Round "3.6"]
[White "Doncevic, Dario"]
[Black "Bruch, Jochen"]
[Result "1-0"]
[WhiteElo "2322"]
[BlackElo "2177"]
[PlyCount "97"]
[EventDate "2009.10.18"]
[EventType "team-tourn"]
[EventRounds "9"]
[EventCountry "GER"]
[SourceTitle "EXT 2011"]
[Source "ChessBase"]
[SourceDate "2010.11.26"]
[SourceVersion "1"]
[SourceVersionDate "2010.11.26"]
[SourceQuality "1"]
[WhiteTeam "Koblenz 25"]
[BlackTeam "Ludwigshafen"]
[WhiteTeamCountry "GER"]
[BlackTeamCountry "GER"]

1. e4 c5 2. Nf3 e6 3. c3 d5 4. exd5 Qxd5 5. d4 Nf6 6. Na3 Be7 7. Be3 cxd4 8. Nb5 Na6 9. Qxd4 Bc5 10. Qxc5 Qxc5 11. Bxc5 Nxc5 12. Nc7+ Kd8 13. Nxa8 Bd7 14. Ne5 Rf8 15. Rd1 Kc8 16. b4 Nce4 17. f3 Nxc3 18. Rc1 Nfd5 19. Kd2 f6 20. Nxd7 Kxd7 21. Rxc3 Nxc3 22. Kxc3 Rxa8 23. Bc4 Rc8 24. a4 e5 25. h4 Kd6 26. Rd1+ Ke7 27. a5 b5 28. axb6 axb6 29. Rd5 Rc7 30. h5 g6 31. h6 Rc6 32. Kb3 Rc7 33. g4 Ra7 34. Bd3 Ra1 35. Bb5 Ra7 36. Bc6 Rc7 37. Bb5 Ra7 38. Rd2 Ke6 39. Rc2 f5 40. Rc6+ Kd5 41. gxf5 gxf5 42. Rf6 f4 43. Rxb6 Kd4 44. Rd6+ Ke3 45. Bc6 Ra6 46. b5 Rb6 47. Kc4 e4 48. Re6 Rb8 49. Rxe4+ 1-0